| 000 -LEADER |
| fixed length control field |
01091nam a22000977a 4500 |
| 008 - FIXED-LENGTH DATA ELEMENTS--GENERAL INFORMATION |
| fixed length control field |
220131b ||||| |||| 00| 0 eng d |
| 100 ## - MAIN ENTRY--AUTHOR'S NAME |
| Author's Name |
Harris, D. Robin |
| 245 ## - TITLE STATEMENT |
| Title |
1952-53 Karsh, 1954-62 Wilding, 1962-66 Cameo Definitives |
| 260 ## - PUBLICATION, DISTRIBUTION, ETC. (IMPRINT) |
| Place of publication, distribution, etc. |
Canada |
| Name of publisher, distributor, etc. |
Author |
| Date of publication, distribution, etc. |
1998 |
| 650 ## - TOPICAL TERM (Tag) |
| Topical term or geographic name |
Canada | Definitive Issues | 1952-1953 | 1954-1962 | 1962-1966 | 1952-1966 | 20th Century | Catalogs and Price Lists | Stamps -- Histories | Production -- Sheets and Panes | Errors and Varieties | Perforation | Imperforate Issues | Coils | Booklets and Minipacks | Booklet Labels | Se-tenant Issues | Postal Stationery | Official Mail | Overprints and Surcharges | Perfins | Precancels | Luminescent and Tagged Issues | Paper | Designs | Essays and Proofs | Plate Blocks and Numbers | Marginal Markings and Imprints | Specimens | Souvenir Cards | Postage Dues | Postal Rates | Postal Markings | Covers | Postal History | Elizabeth II, Queen of Great Britain, 1926- | Queen Elizabeth II Issues | 1972-1978 | 1977-1987 | 1982-1989 | 1987-1996 | 1989-1996 | 1972-1996 | Collecting -- Guides and Handbooks | British Commonwealth |